000 00422nam a2200169Ia 4500
008 230524s9999 xx 000 0 und d
020 _a9788175152465
082 _a624.0685
_bSHR
100 _aU.K Shrivastava
245 0 _aConstruction Planning & Management
250 _a1
260 _aNew Delhi
_bGalgotia Pub.
_c2015
300 _a"xvii,521p;"
500 _aQuantity Number: 7
650 _aCivil
942 _cBK
999 _c55741
_d55741